| 000 | 00547nam a22001817a 4500 | ||
|---|---|---|---|
| 003 | BD-DhUL | ||
| 005 | 20180211103847.0 | ||
| 008 | 180211s1936 xxu||||| |||| 00| 0 ben d | ||
| 040 |
_aBD-DhUL _cBD-DhUL |
||
| 082 |
_a891.441 _bAMD |
||
| 100 | _aখসরু, আমীর | ||
| 245 | 1 | 0 |
_aদীওয়ান ই আমীর খসরু / _cআমীর খসরু |
| 260 | _c১৯৩৬ | ||
| 300 |
_a৬৫ পৃ. ; _c২২ সেমি. |
||
| 650 | 4 | _aউর্দু কবিতা | |
| 650 | 4 | _aUrdu poetry | |
| 942 |
_2ddc _cBK |
||
| 999 |
_c237935 _d237935 |
||